Lieblingsobst der Deutschen - Statistiken

Allgemein
  • Dieses Quiz wurde 610 mal gespielt
  • Das Durchschnittsergebnis liegt bei 8 aus 11
Antwortstatistiken
pro Kopf
Konsum
(in kg)
Obst % Korrekt
21,9 Apfel
100%
11,9 Bananen
97%
2,5 Birnen
93%
3,8 Erdbeeren
91%
1,7 Johannis-, Stachel-, Brom-, & Himbeeren
83%
2,4 Kirschen
76%
5,1 Tafeltrauben
66%
3,7 Pfirsiche
62%
1 Pflaumen, Zwetschgen, Mirabellen, Renekloden
62%
3,4 Beerenobst (Heidelbeeren, Preiselbeeren u.a.)
49%
0,8 Aprikosen
28%
Keine übereinstimmenden Quizze gefunden
Verteilung der Resultate
Anzahl Personen mit jedem Resultat
Perzentil nach korrekt beantworteten Fragen
Ihre Resultats-Entwicklung
Sie haben dieses Quiz noch nicht gespielt